[Event "2025 National K-12 Grade Championship"]
[Site "Spokane, WI USA, United States"]
[Date "2025.12.14"]
[Round "7.11"]
[White "Xu, Gordon Zhenyu"]
[Black "Marian, Aaron"]
[Result "1-0"]
[TimeControl "G/90; d10"]
[WhiteTitle "CM"]
[WhiteFideId "30981506"]
[BlackFideId "30964300"]
[WhiteElo "2258"]
[BlackElo "2143"]

1. e4 {[%clk 01:30:00]} {[%emt 00:00:03]} c5 {[%clk 01:30:00]} {[%emt
00:00:08]} 2. Nf3 {[%clk 01:30:00]} {[%emt 00:00:04]} e6 {[%clk 01:30:00]}
{[%emt 00:00:05]} 3. d4 {[%clk 01:30:00]} {[%emt 00:00:02]} cxd4 {[%clk
01:29:50]} {[%emt 00:00:21]} 4. Nxd4 {[%clk 01:30:00]} {[%emt 00:00:05]} Nf6
{[%clk 01:29:50]} {[%emt 00:00:05]} 5. Nc3 {[%clk 01:30:00]} {[%emt 00:00:03]}
Nc6 {[%clk 01:29:50]} {[%emt 00:00:05]} 6. Nxc6 {[%clk 01:30:00]} {[%emt
00:00:03]} bxc6 {[%clk 01:29:50]} {[%emt 00:00:05]} 7. e5 {[%clk 01:30:00]}
{[%emt 00:00:03]} Nd5 {[%clk 01:29:50]} {[%emt 00:00:04]} 8. Ne4 {[%clk
01:30:00]} {[%emt 00:00:02]} Qc7 {[%clk 01:29:50]} {[%emt 00:00:05]} 9. f4
{[%clk 01:30:00]} {[%emt 00:00:03]} Qb6 {[%clk 01:29:50]} {[%emt 00:00:03]} 10.
c4 {[%clk 01:30:00]} {[%emt 00:00:05]} Ne3 {[%clk 01:29:48]} {[%emt 00:00:11]}
11. Qd3 {[%clk 01:29:05]} {[%emt 00:01:06]} Bb4+ {[%clk 01:29:48]} {[%emt
00:00:08]} 12. Bd2 {[%clk 01:29:05]} {[%emt 00:00:08]} Ba6 {[%clk 01:29:48]}
{[%emt 00:00:05]} 13. Bxb4 {[%clk 01:28:34]} {[%emt 00:00:40]} Qxb4+ {[%clk
01:29:44]} {[%emt 00:00:14]} 14. Kf2 {[%clk 01:28:34]} {[%emt 00:00:08]} Qxb2+
{[%clk 01:26:00]} {[%emt 00:03:55]} 15. Be2 {[%clk 01:28:12]} {[%emt 00:00:32]}
Nxc4 {[%clk 01:24:41]} {[%emt 00:01:29]} 16. Rhd1 {[%clk 01:17:37]} {[%emt
00:10:44]} O-O {[%clk 00:54:44]} {[%emt 00:30:07]} 17. Rab1 {[%clk 01:05:26]}
{[%emt 00:12:22]} Qa3 {[%clk 00:35:41]} {[%emt 00:19:13]} 18. Rb3 {[%clk
00:56:28]} {[%emt 00:09:08]} Qa5 {[%clk 00:33:53]} {[%emt 00:01:58]} 19. Qc3
{[%clk 00:51:13]} {[%emt 00:05:21]} f5 {[%clk 00:28:50]} {[%emt 00:05:16]} 20.
Ng5 {[%clk 00:48:05]} {[%emt 00:03:16]} h6 {[%clk 00:22:52]} {[%emt 00:06:11]}
21. Nf3 {[%clk 00:45:59]} {[%emt 00:02:16]} Qxc3 {[%clk 00:21:26]} {[%emt
00:01:35]} 22. Rxc3 {[%clk 00:45:59]} {[%emt 00:00:03]} Nb2 {[%clk 00:21:20]}
{[%emt 00:00:15]} 23. Rxd7 {[%clk 00:45:59]} {[%emt 00:00:07]} Bxe2 {[%clk
00:19:49]} {[%emt 00:01:41]} 24. Kxe2 {[%clk 00:45:59]} {[%emt 00:00:02]} Rf7
{[%clk 00:17:43]} {[%emt 00:02:16]} 25. Rd4 {[%clk 00:43:51]} {[%emt 00:02:14]}
Rb7 {[%clk 00:16:31]} {[%emt 00:01:26]} 26. Nd2 {[%clk 00:39:09]} {[%emt
00:04:52]} a5 {[%clk 00:14:47]} {[%emt 00:01:55]} 27. a3 {[%clk 00:36:42]}
{[%emt 00:02:36]} Rab8 {[%clk 00:13:24]} {[%emt 00:01:32]} 28. Rxc6 {[%clk
00:35:57]} {[%emt 00:00:56]} Kf7 {[%clk 00:13:23]} {[%emt 00:00:11]} 29. Ra6
{[%clk 00:35:41]} {[%emt 00:00:25]} a4 {[%clk 00:13:13]} {[%emt 00:00:21]} 30.
Rc6 {[%clk 00:34:01]} {[%emt 00:01:50]} Rb3 {[%clk 00:08:49]} {[%emt 00:04:34]}
31. Nxb3 {[%clk 00:32:26]} {[%emt 00:01:45]} axb3 {[%clk 00:08:49]} 32. Rb4
{[%clk 00:31:43]} {[%emt 00:00:53]} Rxb4 {[%clk 00:08:45]} {[%emt 00:00:15]} 33.
axb4 {[%clk 00:31:43]} {[%emt 00:00:02]} Nc4 {[%clk 00:08:43]} {[%emt
00:00:12]} 34. Kd3 {[%clk 00:30:21]} {[%emt 00:01:32]} Ne3 {[%clk 00:08:37]}
{[%emt 00:00:16]} 35. Kc3 {[%clk 00:30:21]} {[%emt 00:00:08]} Nxg2 {[%clk
00:08:37]} {[%emt 00:00:04]} 36. b5 {[%clk 00:30:00]} {[%emt 00:00:33]} Nxf4
{[%clk 00:08:35]} {[%emt 00:00:12]} 37. b6 {[%clk 00:30:00]} {[%emt 00:00:07]}
Nd5+ {[%clk 00:08:34]} {[%emt 00:00:10]} 38. Kxb3 {[%clk 00:30:00]} {[%emt
00:00:07]} Nxb6 {[%clk 00:08:34]} {[%emt 00:00:04]} 39. Rxb6 {[%clk 00:30:00]}
{[%emt 00:00:04]} g5 {[%clk 00:08:20]} {[%emt 00:00:23]} 40. Kc4 {[%clk
00:30:00]} {[%emt 00:00:03]} f4 {[%clk 00:07:39]} {[%emt 00:00:50]} 41. Kd4
{[%clk 00:30:00]} {[%emt 00:00:04]} 1-0

[Event "2025 National K-12 Grade Championship"]
[Site "Spokane, WI USA, United States"]
[Date "2025.12.14"]
[Round "7.12"]
[White "Lad, Neil"]
[Black "Kong, Milo James"]
[Result "1-0"]
[TimeControl "G/90; d10"]
[WhiteFideId "30976154"]
[WhiteElo "2095"]
[BlackElo "1878"]

1. d4 {[%clk 01:30:00]} {[%emt 00:00:02]} Nf6 {[%clk 01:29:52]} {[%emt
00:00:19]} 2. Bf4 {[%clk 01:30:00]} {[%emt 00:00:04]} e6 {[%clk 01:29:34]}
{[%emt 00:00:29]} 3. e3 {[%clk 01:29:57]} {[%emt 00:00:13]} d5 {[%clk
01:29:34]} {[%emt 00:00:05]} 4. Nd2 {[%clk 01:29:57]} {[%emt 00:00:07]} c5
{[%clk 01:29:10]} {[%emt 00:00:34]} 5. c3 {[%clk 01:29:46]} {[%emt 00:00:21]}
Bd6 {[%clk 01:27:27]} {[%emt 00:01:54]} 6. Bg3 {[%clk 01:29:44]} {[%emt
00:00:11]} Nc6 {[%clk 01:26:36]} {[%emt 00:01:02]} 7. Ngf3 {[%clk 01:29:44]}
{[%emt 00:00:07]} O-O {[%clk 01:26:06]} {[%emt 00:00:39]} 8. Bd3 {[%clk
01:29:44]} {[%emt 00:00:07]} Re8 {[%clk 01:24:09]} {[%emt 00:02:07]} 9. Ne5
{[%clk 01:29:44]} {[%emt 00:00:05]} Qc7 {[%clk 01:19:55]} {[%emt 00:04:25]} 10.
f4 {[%clk 01:28:51]} {[%emt 00:01:01]} h6 {[%clk 01:16:04]} {[%emt 00:04:01]}
11. Bf2 {[%clk 01:24:27]} {[%emt 00:04:34]} Bxe5 {[%clk 01:09:16]} {[%emt
00:06:59]} 12. fxe5 {[%clk 01:23:51]} {[%emt 00:00:45]} Nd7 {[%clk 01:04:57]}
{[%emt 00:04:30]} 13. O-O {[%clk 01:22:50]} {[%emt 00:01:10]} f5 {[%clk
00:47:20]} {[%emt 00:17:49]} 14. exf6 {[%clk 01:20:10]} {[%emt 00:02:49]} Nxf6
{[%clk 00:47:19]} {[%emt 00:00:10]} 15. Bh4 {[%clk 01:19:10]} {[%emt 00:01:11]}
Rf8 {[%clk 00:46:32]} {[%emt 00:00:57]} 16. Bxf6 {[%clk 01:18:32]} {[%emt
00:00:47]} Rxf6 {[%clk 00:44:34]} {[%emt 00:02:09]} 17. Qh5 {[%clk 01:09:26]}
{[%emt 00:09:15]} Qf7 {[%clk 00:40:16]} {[%emt 00:04:29]} 18. Bh7+ {[%clk
01:08:38]} {[%emt 00:00:57]} Kf8 {[%clk 00:37:36]} {[%emt 00:02:50]} 19. Bg6
{[%clk 01:07:37]} {[%emt 00:01:11]} Qg8 {[%clk 00:32:46]} {[%emt 00:05:01]} 20.
e4 {[%clk 00:59:33]} {[%emt 00:08:14]} Ke7 {[%clk 00:27:11]} {[%emt 00:05:45]}
21. exd5 {[%clk 00:53:07]} {[%emt 00:06:36]} exd5 {[%clk 00:26:31]} {[%emt
00:00:50]} 22. Rae1+ {[%clk 00:52:42]} {[%emt 00:00:34]} Be6 {[%clk 00:24:13]}
{[%emt 00:02:29]} 23. Rxf6 {[%clk 00:52:42]} {[%emt 00:00:08]} gxf6 {[%clk
00:24:13]} {[%emt 00:00:06]} 24. Qxd5 {[%clk 00:51:22]} {[%emt 00:01:30]} Qxg6
{[%clk 00:20:03]} {[%emt 00:04:20]} 25. Qxe6+ {[%clk 00:49:24]} {[%emt
00:02:08]} Kf8 {[%clk 00:19:57]} {[%emt 00:00:16]} 26. d5 {[%clk 00:49:08]}
{[%emt 00:00:27]} Ne5 {[%clk 00:19:22]} {[%emt 00:00:45]} 27. Rxe5 {[%clk
00:49:08]} {[%emt 00:00:08]} 1-0

[Event "2025 National K-12 Grade Championship"]
[Site "Spokane, WI USA, United States"]
[Date "2025.12.14"]
[Round "7.13"]
[White "Das, Aditeya"]
[Black "Qian, Bobby"]
[Result "1/2-1/2"]
[TimeControl "G/90; d10"]
[WhiteTitle "FM"]
[BlackTitle "CM"]
[WhiteFideId "30975972"]
[BlackFideId "30965241"]
[WhiteElo "2382"]
[BlackElo "2227"]

1. d4 {[%clk 01:30:00]} {[%emt 00:00:02]} d5 {[%clk 01:30:00]} {[%emt
00:00:09]} 2. c4 {[%clk 01:30:00]} {[%emt 00:00:05]} c6 {[%clk 01:30:00]}
{[%emt 00:00:03]} 3. Nf3 {[%clk 01:30:00]} {[%emt 00:00:08]} Nf6 {[%clk
01:30:00]} {[%emt 00:00:06]} 4. Nc3 {[%clk 01:30:00]} {[%emt 00:00:07]} dxc4
{[%clk 01:30:00]} {[%emt 00:00:10]} 5. a4 {[%clk 01:30:00]} {[%emt 00:00:10]}
Bf5 {[%clk 01:30:00]} {[%emt 00:00:06]} 6. Ne5 {[%clk 01:30:00]} {[%emt
00:00:08]} Nbd7 {[%clk 01:30:00]} {[%emt 00:00:08]} 7. Nxc4 {[%clk 01:30:00]}
{[%emt 00:00:05]} Nb6 {[%clk 01:30:00]} {[%emt 00:00:04]} 8. Ne5 {[%clk
01:30:00]} {[%emt 00:00:03]} a5 {[%clk 01:30:00]} {[%emt 00:00:10]} 9. e3
{[%clk 01:27:21]} {[%emt 00:02:49]} Nbd7 {[%clk 01:24:25]} {[%emt 00:05:45]} 10.
Nf3 {[%clk 01:24:56]} {[%emt 00:02:34]} e6 {[%clk 01:19:43]} {[%emt 00:04:53]}
11. Bd3 {[%clk 01:16:37]} {[%emt 00:08:29]} Bxd3 {[%clk 01:14:21]} {[%emt
00:05:32]} 12. Qxd3 {[%clk 01:16:26]} {[%emt 00:00:21]} Bb4 {[%clk 01:14:04]}
{[%emt 00:00:26]} 13. O-O {[%clk 01:16:20]} {[%emt 00:00:16]} Qe7 {[%clk
01:10:51]} {[%emt 00:03:23]} 14. Ne4 {[%clk 01:10:08]} {[%emt 00:06:23]} Nxe4
{[%clk 01:07:07]} {[%emt 00:03:53]} 15. Qxe4 {[%clk 01:10:08]} {[%emt
00:00:05]} O-O {[%clk 01:05:59]} {[%emt 00:01:19]} 16. b3 {[%clk 01:09:25]}
{[%emt 00:00:53]} f5 {[%clk 00:58:06]} {[%emt 00:08:03]} 17. Qc2 {[%clk
01:09:25]} {[%emt 00:00:07]} e5 {[%clk 00:50:35]} {[%emt 00:07:42]} 18. dxe5
{[%clk 01:08:58]} {[%emt 00:00:37]} Nxe5 {[%clk 00:50:34]} {[%emt 00:00:11]} 19.
Nxe5 {[%clk 01:08:58]} {[%emt 00:00:05]} Qxe5 {[%clk 00:50:34]} {[%emt
00:00:06]} 20. Bb2 {[%clk 01:08:58]} {[%emt 00:00:02]} Qc5 {[%clk 00:42:28]}
{[%emt 00:08:16]} 21. Qe2 {[%clk 01:07:42]} {[%emt 00:01:26]} Qd5 {[%clk
00:36:08]} {[%emt 00:06:30]} 22. Rab1 {[%clk 01:06:17]} {[%emt 00:01:35]} Rad8
{[%clk 00:34:18]} {[%emt 00:02:00]} 23. Bd4 {[%clk 01:03:39]} {[%emt 00:02:48]}
Qe6 {[%clk 00:30:00]} {[%emt 00:04:28]} 24. Rfd1 {[%clk 01:00:06]} {[%emt
00:03:42]} f4 {[%clk 00:27:18]} {[%emt 00:02:52]} 25. Qc4 {[%clk 00:45:14]}
{[%emt 00:15:03]} 1/2-1/2

[Event "2025 National K-12 Grade Championship"]
[Site "Spokane, WI USA, United States"]
[Date "2025.12.14"]
[Round "7.14"]
[White "Cherukuri, Nitesh"]
[Black "Zhu, Ryan"]
[Result "1-0"]
[TimeControl "G/90; d10"]
[WhiteTitle "FM"]
[WhiteFideId "30978688"]
[BlackFideId "30951828"]
[WhiteElo "2338"]
[BlackElo "2101"]

1. e4 {[%clk 01:29:37]} {[%emt 00:00:32]} c5 {[%clk 01:30:00]} {[%emt
00:00:10]} 2. Nf3 {[%clk 01:29:37]} {[%emt 00:00:06]} d6 {[%clk 01:30:00]}
{[%emt 00:00:04]} 3. Bb5+ {[%clk 01:29:37]} {[%emt 00:00:06]} Nd7 {[%clk
01:30:00]} {[%emt 00:00:05]} 4. O-O {[%clk 01:29:37]} {[%emt 00:00:07]} a6
{[%clk 01:30:00]} {[%emt 00:00:04]} 5. Be2 {[%clk 01:29:37]} {[%emt 00:00:06]}
Ngf6 {[%clk 01:30:00]} {[%emt 00:00:10]} 6. d3 {[%clk 01:29:37]} {[%emt
00:00:03]} e6 {[%clk 01:29:26]} {[%emt 00:00:43]} 7. a4 {[%clk 01:29:37]}
{[%emt 00:00:02]} b6 {[%clk 01:28:32]} {[%emt 00:01:03]} 8. Nfd2 {[%clk
01:29:37]} {[%emt 00:00:09]} e5 {[%clk 01:09:35]} {[%emt 00:19:07]} 9. Nc3
{[%clk 01:27:43]} {[%emt 00:02:03]} Bb7 {[%clk 01:07:09]} {[%emt 00:02:36]} 10.
Nc4 {[%clk 01:27:37]} {[%emt 00:00:16]} Be7 {[%clk 01:01:28]} {[%emt 00:05:50]}
11. f4 {[%clk 01:27:21]} {[%emt 00:00:28]} O-O {[%clk 00:59:52]} {[%emt
00:01:45]} 12. Qe1 {[%clk 01:22:33]} {[%emt 00:04:59]} exf4 {[%clk 00:56:45]}
{[%emt 00:03:17]} 13. Bxf4 {[%clk 01:21:57]} {[%emt 00:00:46]} d5 {[%clk
00:56:02]} {[%emt 00:00:53]} 14. Nd2 {[%clk 01:05:00]} {[%emt 00:17:07]} dxe4
{[%clk 00:52:06]} {[%emt 00:04:06]} 15. dxe4 {[%clk 01:03:49]} {[%emt
00:01:21]} Re8 {[%clk 00:49:43]} {[%emt 00:02:32]} 16. Qg3 {[%clk 00:56:50]}
{[%emt 00:07:10]} Nf8 {[%clk 00:30:51]} {[%emt 00:18:59]} 17. Rad1 {[%clk
00:52:08]} {[%emt 00:04:54]} Qc8 {[%clk 00:28:23]} {[%emt 00:02:37]} 18. Nc4
{[%clk 00:42:45]} {[%emt 00:09:35]} Qe6 {[%clk 00:26:16]} {[%emt 00:02:16]} 19.
Ne5 {[%clk 00:42:18]} {[%emt 00:00:38]} Nxe4 {[%clk 00:23:08]} {[%emt
00:03:17]} 20. Nxe4 {[%clk 00:42:15]} {[%emt 00:00:13]} Bxe4 {[%clk 00:23:08]}
{[%emt 00:00:03]} 21. Bc4 {[%clk 00:42:13]} {[%emt 00:00:14]} Qf6 {[%clk
00:22:25]} {[%emt 00:00:52]} 22. Bxf7+ {[%clk 00:40:28]} {[%emt 00:01:56]} Kh8
{[%clk 00:22:12]} {[%emt 00:00:23]} 23. Bxe8 {[%clk 00:40:28]} {[%emt
00:00:09]} Rxe8 {[%clk 00:22:12]} {[%emt 00:00:05]} 24. Bg5 {[%clk 00:40:13]}
{[%emt 00:00:27]} Qe6 {[%clk 00:21:59]} {[%emt 00:00:22]} 25. Bxe7 {[%clk
00:40:13]} {[%emt 00:00:09]} Qxe7 {[%clk 00:21:59]} {[%emt 00:00:05]} 26. Rf7
{[%clk 00:40:13]} {[%emt 00:00:09]} 1-0

[Event "2025 National K-12 Grade Championship"]
[Site "Spokane, WI USA, United States"]
[Date "2025.12.14"]
[Round "7.15"]
[White "Thimmasamudram, Sandeep"]
[Black "Lim, Hayul"]
[Result "0-1"]
[TimeControl "G/90; d10"]
[WhiteFideId "30983100"]
[BlackFideId "13222791"]
[WhiteElo "2084"]
[BlackElo "2034"]

1. e4 {[%clk 01:30:00]} {[%emt 00:00:03]} c5 {[%clk 01:30:00]} {[%emt
00:00:05]} 2. Nf3 {[%clk 01:30:00]} {[%emt 00:00:04]} Nc6 {[%clk 01:29:34]}
{[%emt 00:00:37]} 3. Bb5 {[%clk 01:30:00]} {[%emt 00:00:07]} g6 {[%clk
01:29:34]} {[%emt 00:00:04]} 4. Bxc6 {[%clk 01:30:00]} {[%emt 00:00:04]} dxc6
{[%clk 01:29:34]} {[%emt 00:00:05]} 5. d3 {[%clk 01:30:00]} {[%emt 00:00:05]}
Bg7 {[%clk 01:29:34]} {[%emt 00:00:04]} 6. h3 {[%clk 01:30:00]} {[%emt
00:00:04]} Nf6 {[%clk 01:29:34]} {[%emt 00:00:05]} 7. Nc3 {[%clk 01:30:00]} Nd7
{[%clk 01:29:34]} {[%emt 00:00:12]} 8. O-O {[%clk 01:30:00]} e5 {[%clk
01:29:34]} {[%emt 00:00:12]} 9. Be3 {[%clk 01:30:00]} b6 {[%clk 01:29:34]}
{[%emt 00:00:10]} 10. Qd2 {[%clk 01:29:55]} h6 {[%clk 01:29:34]} {[%emt
00:00:21]} 11. Ne2 {[%clk 01:29:36]} Nf8 {[%clk 01:29:05]} {[%emt 00:01:08]} 12.
Nh2 {[%clk 01:29:14]} Ne6 {[%clk 01:27:52]} {[%emt 00:01:56]} 13. c3 {[%clk
01:29:14]} Qe7 {[%clk 01:24:18]} {[%emt 00:03:49]} 14. a4 {[%emt 00:12:03]} a5
15. f4 {[%clk 01:21:40]} exf4 {[%clk 01:20:08]} {[%emt 00:00:22]} 16. Nxf4
{[%clk 01:21:36]} Ba6 {[%clk 01:14:09]} {[%emt 00:06:23]} 17. Nxe6 {[%clk
01:07:23]} Qxe6 {[%clk 01:13:55]} {[%emt 00:14:47]} 18. Rf4 {[%clk 00:53:30]}
O-O-O {[%clk 01:07:07]} {[%emt 00:21:00]} 19. Rf3 {[%clk 00:52:44]} Rd7 {[%clk
01:01:29]} {[%emt 00:06:45]} 20. Qc2 {[%clk 00:39:33]} Rhd8 {[%clk 00:47:17]}
{[%emt 00:27:44]} 21. Rd1 {[%clk 00:39:08]} g5 {[%clk 00:43:56]} {[%emt
00:04:05]} 22. Bc1 {[%clk 00:37:58]} Kb7 {[%clk 00:41:55]} {[%emt 00:03:31]} 23.
Nf1 {[%clk 00:35:51]} Bc4 {[%clk 00:38:15]} {[%emt 00:06:05]} 24. Rd2 {[%clk
00:31:43]} Bb3 {[%emt 00:05:20]} 25. Qb1 Bxa4 {[%clk 00:35:49]} 26. Ng3 {[%clk
00:22:27]} {[%emt 00:13:14]} Be5 {[%clk 00:32:05]} {[%emt 00:02:01]} 27. Ne2
{[%clk 00:22:01]} g4 {[%clk 00:29:34]} {[%emt 00:03:17]} 28. hxg4 {[%clk
00:17:47]} Qxg4 {[%clk 00:29:33]} {[%emt 00:04:35]} 29. Kf2 {[%clk 00:14:38]}
Rg8 {[%clk 00:26:04]} {[%emt 00:07:00]} 30. g3 {[%clk 00:14:31]} {[%emt
00:00:17]} Qh3 {[%clk 00:19:55]} {[%emt 00:06:20]} 31. d4 {[%clk 00:13:39]}
{[%emt 00:01:00]} cxd4 {[%clk 00:15:12]} {[%emt 00:04:52]} 32. cxd4 {[%clk
00:13:39]} {[%emt 00:00:05]} Bb5 {[%clk 00:13:16]} {[%emt 00:02:07]} 33. Qc2
{[%clk 00:10:17]} {[%emt 00:03:32]} Bxe2 {[%clk 00:07:09]} {[%emt 00:06:18]} 34.
Rxe2 {[%clk 00:09:01]} {[%emt 00:01:25]} Bxd4+ {[%clk 00:05:31]} {[%emt
00:01:49]} 35. Be3 {[%clk 00:09:01]} {[%emt 00:00:09]} Bxe3+ {[%emt 00:00:41]}
36. Kxe3 {[%clk 00:09:00]} {[%emt 00:00:09]} Rxg3 {[%clk 00:04:58]} {[%emt
00:00:14]} 37. Ref2 {[%clk 00:09:00]} {[%emt 00:00:06]} f5 {[%clk 00:03:56]}
{[%emt 00:01:12]} 38. Ke2 {[%clk 00:07:43]} {[%emt 00:01:27]} Rxf3 {[%clk
00:03:33]} {[%emt 00:00:33]} 39. Rxf3 {[%clk 00:07:43]} {[%emt 00:00:03]} Qg2+
{[%clk 00:03:33]} {[%emt 00:00:07]} 40. Rf2 {[%clk 00:07:43]} {[%emt 00:00:03]}
Qxe4+ {[%clk 00:03:33]} {[%emt 00:00:07]} 41. Qxe4 {[%clk 00:07:43]} {[%emt
00:00:05]} fxe4 {[%clk 00:03:33]} {[%emt 00:00:02]} 42. Ke3 {[%clk 00:07:43]}
{[%emt 00:00:07]} Re7 {[%clk 00:03:33]} {[%emt 00:00:10]} 43. Rf6 {[%clk
00:07:43]} {[%emt 00:00:05]} h5 {[%clk 00:03:33]} {[%emt 00:00:02]} 44. Rf5
{[%clk 00:07:28]} {[%emt 00:00:24]} h4 {[%clk 00:03:33]} {[%emt 00:00:09]} 45.
Rh5 {[%clk 00:07:28]} {[%emt 00:00:05]} b5 {[%clk 00:03:15]} {[%emt 00:00:29]}
46. Rxh4 {[%clk 00:07:28]} {[%emt 00:00:05]} Kb6 {[%clk 00:03:15]} {[%emt
00:00:02]} 47. Rh2 {[%clk 00:07:27]} {[%emt 00:00:10]} Re6 {[%clk 00:03:15]}
{[%emt 00:00:07]} 48. b3 {[%clk 00:06:35]} {[%emt 00:01:01]} Kc5 {[%clk
00:03:08]} {[%emt 00:00:16]} 49. Rc2+ {[%clk 00:05:47]} {[%emt 00:00:58]} Kb4
{[%clk 00:03:08]} {[%emt 00:00:05]} 50. Ra2 {[%clk 00:05:47]} {[%emt 00:00:07]}
Kxb3 {[%clk 00:02:59]} {[%emt 00:00:20]} 51. Rxa5 {[%clk 00:05:46]} {[%emt
00:00:10]} Kc4 {[%clk 00:02:57]} {[%emt 00:00:10]} 52. Ra1 {[%clk 00:05:46]}
{[%emt 00:00:12]} b4 {[%clk 00:02:57]} {[%emt 00:00:03]} 53. Kd2 {[%clk
00:05:44]} {[%emt 00:00:12]} e3+ {[%clk 00:02:57]} {[%emt 00:00:02]} 54. Kc2
{[%clk 00:05:44]} {[%emt 00:00:03]} e2 {[%clk 00:02:57]} {[%emt 00:00:03]} 55.
Re1 {[%clk 00:05:44]} {[%emt 00:00:02]} b3+ {[%clk 00:02:57]} {[%emt 00:00:08]}
56. Kb2 {[%clk 00:05:44]} {[%emt 00:00:02]} Kb4 {[%clk 00:02:57]} {[%emt
00:00:02]} 57. Rg1 {[%clk 00:04:28]} {[%emt 00:01:25]} Kb5 {[%clk 00:02:46]}
{[%emt 00:00:21]} 58. Re1 {[%clk 00:04:28]} {[%emt 00:00:09]} Re3 {[%clk
00:02:46]} {[%emt 00:00:08]} 59. Kc1 {[%clk 00:04:21]} {[%emt 00:00:17]} c5
{[%clk 00:02:39]} {[%emt 00:00:18]} 60. Kd2 {[%clk 00:04:13]} {[%emt 00:00:18]}
Re5 {[%clk 00:02:39]} {[%emt 00:00:09]} 61. Kc3 {[%clk 00:04:11]} {[%emt
00:00:11]} c4 {[%clk 00:02:39]} {[%emt 00:00:06]} 62. Kd4 {[%clk 00:04:05]}
{[%emt 00:00:15]} Re8 {[%clk 00:02:34]} {[%emt 00:00:13]} 63. Kc3 {[%clk
00:04:05]} {[%emt 00:00:03]} Re3+ {[%clk 00:01:52]} {[%emt 00:00:54]} 64. Kd2
{[%clk 00:04:05]} {[%emt 00:00:08]} Rd3+ {[%clk 00:01:23]} {[%emt 00:00:37]} 65.
Kxe2 {[%clk 00:04:05]} {[%emt 00:00:05]} Kb4 {[%clk 00:01:23]} {[%emt
00:00:02]} 66. Rb1 {[%clk 00:04:04]} {[%emt 00:00:12]} Rd7 {[%clk 00:01:23]}
{[%emt 00:00:11]} 67. Ke1 {[%clk 00:04:03]} {[%emt 00:00:11]} c3 {[%clk
00:01:23]} {[%emt 00:00:04]} 68. Ke2 {[%clk 00:03:55]} {[%emt 00:00:19]} c2
{[%clk 00:01:23]} {[%emt 00:00:07]} 69. Rg1 {[%clk 00:03:37]} {[%emt 00:00:26]}
b2 {[%clk 00:01:22]} {[%emt 00:00:11]} 70. Rg4+ {[%clk 00:03:37]} {[%emt
00:00:05]} Kc5 {[%clk 00:01:22]} {[%emt 00:00:03]} 71. Rg5+ {[%clk 00:03:37]}
{[%emt 00:00:04]} Rd5 {[%clk 00:01:22]} {[%emt 00:00:01]} 72. Rg8 {[%clk
00:03:37]} {[%emt 00:00:06]} c1=Q {[%clk 00:01:22]} {[%emt 00:00:05]} 73. Rc8+
{[%clk 00:03:36]} {[%emt 00:00:10]} Kd4 {[%clk 00:01:22]} {[%emt 00:00:01]} 74.
Rf8 {[%clk 00:03:36]} {[%emt 00:00:07]} Qe3+ {[%clk 00:01:22]} {[%emt
00:00:10]} 75. Kf1 {[%clk 00:03:36]} {[%emt 00:00:04]} b1=Q+ {[%clk 00:01:22]}
{[%emt 00:00:02]} 76. Kg2 {[%clk 00:03:36]} {[%emt 00:00:02]} Qc2+ {[%clk
00:01:22]} {[%emt 00:00:01]} 77. Kh1 {[%clk 00:03:36]} {[%emt 00:00:08]} Qe1+
{[%clk 00:01:22]} {[%emt 00:00:02]} 78. Rf1 {[%clk 00:03:36]} {[%emt 00:00:04]}
Qxf1# {[%clk 00:01:22]} 0-1